|
|
|
|
| LEADER |
00000nam0a2200000 4500 |
| 001 |
363063 |
| 005 |
20231102011543.0 |
| 035 |
|
|
|a (RuTPU)RU\TPU\retro\20410
|
| 090 |
|
|
|a 363063
|
| 100 |
|
|
|a 20210916d1956 k y0rusy50 ca
|
| 101 |
0 |
|
|a rus
|
| 102 |
|
|
|a RU
|
| 105 |
|
|
|a y z 001zy
|
| 200 |
1 |
|
|a Стратиграфическое значение археоциат
|e [отдельный оттиск]
|f А. Г. Вологдин
|g Академия наук СССР
|
| 210 |
|
|
|a [Б. м.]
|c [Б. и.]
|d 1956
|
| 215 |
|
|
|a С. 185-188
|
| 225 |
1 |
|
|a Доклады Академии Наук СССР. Палеонтология
|v Т. 111, № 1
|
| 316 |
|
|
|5 63413507: КР-7180
|a На обложке дарственная надпись: "Глубокоуважаемой Веле Даниловне Томашпольской, с приветом автор 28.II. 1957 г. Москва"
|
| 317 |
|
|
|5 63413507: КР-7180
|a Поступил в НТБ в 2004 г. в составе книжного собрания кафедры общей геологии
|
| 320 |
|
|
|a Библиогр.: с. 187
|
| 606 |
1 |
|
|a Археоциаты
|2 stltpush
|3 (RuTPU)RU\TPU\subj\72116
|9 85702
|
| 610 |
1 |
|
|a палеонтология
|
| 610 |
1 |
|
|a стратиграфическое значение
|
| 610 |
1 |
|
|a кембрийский период
|
| 610 |
1 |
|
|a фауна
|
| 610 |
1 |
|
|a оттиски
|
| 610 |
1 |
|
|a Коллекция кафедры общей геологии
|
| 610 |
1 |
|
|a дары автора
|
| 610 |
1 |
|
|a дары библиотеке
|
| 610 |
1 |
|
|a дарственные надписи
|
| 675 |
|
|
|a 563.66
|v 4
|
| 700 |
|
1 |
|a Вологдин
|b А. Г.
|c геолог и палеонтолог
|c член-корреспондент АН СССР
|f 1896-1971
|g Александр Григорьевич
|2 stltpush
|3 (RuTPU)RU\TPU\pers\38464
|9 20789
|
| 712 |
0 |
2 |
|a Академия наук СССР
|c (Ленинград/Москва)
|c (1925-1991)
|2 stltpush
|3 (RuTPU)RU\TPU\col\722
|9 23473
|
| 801 |
|
1 |
|a RU
|b 63413507
|c 20210916
|
| 801 |
|
2 |
|a RU
|b 63413507
|c 20220228
|g RCR
|
| 942 |
|
|
|c BK
|